Фазы и циклы тектогенеза Западно-Сибирского края; Труды семнадцатой сессии Международного геологического конгресса (СССР,1937); Т. 2

Bibliografiske detaljer
Parent link:Труды семнадцатой сессии Международного геологического конгресса (СССР,1937)
Т. 2.— 1939.— С. 637-642
Hovedforfatter: Усов М. А.
Sprog:russisk
Udgivet: 1939
Fag:
Format: MixedMaterials Book Chapter
KOHA link:https://koha.lib.tpu.ru/cgi-bin/koha/opac-detail.pl?biblionumber=591938

MARC

LEADER 00000naa0a2200000 4500
001 591938
005 20250827144838.0
035 |a (RuTPU)RU\TPU\tpu\2997 
035 |a TPU00002997 
090 |a 591938 
100 |a 20011210d1939 k||y0rusy50 ca 
101 0 |a rus 
102 |a RU 
200 1 |a Фазы и циклы тектогенеза Западно-Сибирского края  |f М. А. Усов 
461 1 |t Труды семнадцатой сессии Международного геологического конгресса (СССР,1937) 
463 1 |t Т. 2  |v С. 637-642  |d 1939 
610 1 |a геолого-географические науки 
610 1 |a труды учёных ТПУ 
700 1 |a Усов  |b М. А. 
801 0 |a RU  |b 63413507  |c 20011210  |g PSBO 
801 2 |a RU  |b 63413507  |c 20061201  |g PSBO 
942 |c BK